| 000 | 00591nam a2200181 i 4500 | ||
|---|---|---|---|
| 001 | 170902 | ||
| 003 | ES-MaACL | ||
| 005 | 20230906214507.0 | ||
| 008 | 090415q1930 fr |||| | fre d | ||
| 080 | _a82-293 | ||
| 100 | 0 |
_aScribe, Eugène. _9104966 |
|
| 245 | 1 | 2 |
_aL'Africaine _b: opéra en cinq actes / _cEugène Scribe ; musique de G. Meyerbeer. |
| 260 |
_aParis : _bCalmann-Lévy, _c[ca. 1930] |
||
| 300 |
_a73 p. ; _c19 cm. |
||
| 650 | 4 |
_aÓperas- _vLibretos. _9137584 |
|
| 700 | 1 |
_aMeyerbeer, Giacomo. _980809 |
|
| 852 | 4 |
_aES-MaACL _jE-12571 _z- Biblioteca Jacinto Martínez Lacalle |
|
| 999 |
_c170902 _d170902 |
||